Rocket League Arena Variants - Statistics

General Stats
  • This quiz has been taken 15 times
  • The average score is 6 of 20
Answer Stats
Variant(s) % Correct
Night
100%
Day
92%
Dawn
77%
Stormy
54%
Dusk
46%
Midnight
46%
Snowy
38%
Oasis
31%
Fire and Ice
23%
Circuit
15%
Comic
15%
Gilded
15%
Hacked
15%
Pitched
15%
Salty Fest
15%
Salty Shallows
15%
Spooky
15%
Arcade
8%
10th Anniversary
0%
Aftermath
0%
No matching quizzes found
Score Distribution
Percent of People with Each Score
Percentile by Number Answered
Your Score History
You have not taken this quiz